000 00700nam a2200265Ia 4500
005 20260121171023.0
008 008 260114s9999 xx 000 0 eng d
020 _a9789811322570
037 _aEBOOK
040 _aCRL
040 _beng
040 _cCRL
041 _2eng
041 _aeng
084 _qCRL
100 _aAzura Amid, Sarina Sulaiman, Dzun Noraini Jimat, Nor Fadhillah Mohamed Azmin
_91071046
245 0 _aMultifaceted Protocol in Biotechnology
260 _bSpringer
260 _bSpringer
260 _c2018
856 _uhttps://link.springer.com/openurl?genre=book&isbn=978-981-13-2257-0
942 _cEBOOK
999 _c1636776
_d1636776